000 00427nam a22001577a 4500
020 _a9789380511139
082 _aH4
_bABH/B
100 _aAbhimanyu Sadashiv Bikkad
245 _aBaje payliya ke ghunghroo ka sameekshatmak adhyayan/
_cby Abhimanyu Sadashiv Bikkad
260 _aBajrangnagar:
_bSamtha,
_c2012.
300 _a80p.
650 _aEssays Hindi
650 _aLiterature Hindi
650 _aLiterature
942 _cBK
999 _c71786
_d71786